000 00442nam a2200181Ia 4500
001 19985
005 20260306172732.0
008 260306t2002||||xx |||||||||||||| ||spa||
041 _aESP
082 _a342.1
_bM77
100 _aMonroy Cabra, Marco Gerardo
_eAUT
245 0 _aDerecho internacional público
260 _c2002
300 _axxxii, 746 páginas :
_c24 cm.
650 _aGEN
654 _aCDE
942 _cLIB
_dJUS
_fJUS
_2ddc
_n
999 _c19985
_d19985